Central Library OPAC University of Rajshahi

Advanced practical physics for students / (Record no. 52517)

MARC details
000 -LEADER
fixed length control field 00765nam a2200241 a 4500
001 - CONTROL NUMBER
control field 52517
003 - CONTROL NUMBER IDENTIFIER
rucl marc code BD-RjUL
005 - DATE AND TIME OF LATEST TRANSACTION
control field 20211209075823.0
008 - FIXED-LENGTH DATA ELEMENTS--GENERAL INFORMATION
fixed length control field 160921r19541962enk 000 0 eng
035 ## - SYSTEM CONTROL NUMBER
System control number (BD-RjUL)52637
040 ## - CATALOGING SOURCE
Original cataloging agency BD-RjUL
Transcribing agency OYesA
Modifying agency DLC
Language of cataloging eng
041 ## - LANGUAGE CODE
Language code of text/sound track or separate title eng
082 ## - DEWEY DECIMAL CLASSIFICATION NUMBER
Edition number 23
Classification number 530
Author mark and year WOA 1962
100 1# - MAIN ENTRY--PERSONAL NAME
Personal name Worsnop, B. L.
Fuller form of name (Bernard Lister),
Dates associated with a name 1892-
9 (RLIN) 157043
245 10 - TITLE STATEMENT
Title Advanced practical physics for students /
Statement of responsibility, etc. B.L. Worsnop, H.T. Flint.
250 ## - EDITION STATEMENT
Edition statement 9th rev. ed.
260 ## - PUBLICATION, DISTRIBUTION, ETC. (IMPRINT)
Place of publication, distribution, etc. London :
Name of publisher, distributor, etc. Methuen and Co. Ltd.,
Date of publication, distribution, etc. 1951 [Reprinted 1957-1962]
300 ## - PHYSICAL DESCRIPTION
Pagination 753 p. :
Illustrations ill. ;
Size 22 cm.
500 ## - GENERAL NOTE
General note Includes Index
650 #0 - SUBJECT ADDED ENTRY--TOPICAL TERM
Topical term or geographic name as entry element Physics
9 (RLIN) 157044
700 1# - ADDED ENTRY--PERSONAL NAME
Personal name Flint, H. T.
Fuller form of name (Henry Thomas),
Dates associated with a name 1890-1971,
Relator term joint author.
942 ## - ADDED ENTRY ELEMENTS (KOHA)
Source of classification or shelving scheme Dewey Decimal Classification
Koha item type Books
Holdings
Lost status Source of classification or shelving scheme Damaged status Not for loan Collection code Permanent Location Current Location Shelving location Date acquired Source of acquisition Cost, normal purchase price Total Checkouts Full call number Date last seen Copy number Koha item type
  Dewey Decimal Classification     Non-fiction Central Library, University of Rajshahi Central Library, University of Rajshahi   12/02/1963 35.00 0.00   530 WOA 1962 21/09/2016 C-2 Books
  Dewey Decimal Classification     Non-fiction Central Library, University of Rajshahi Central Library, University of Rajshahi   22/08/1961 U.K. Colombo Plan     530 WOA 1961 22/09/2016 C-3 Books
  Dewey Decimal Classification     Non-fiction Central Library, University of Rajshahi Central Library, University of Rajshahi   12/02/1963 Zeitlinger 35.00   530 WOA 1962 22/09/2016 C-4 Books
  Dewey Decimal Classification     Non-fiction Central Library, University of Rajshahi Central Library, University of Rajshahi   15/05/1978 Asia Publishing house 24.00   530 WOA 1962 24/09/2016 C-5 Books
  Dewey Decimal Classification     Non-fiction Central Library, University of Rajshahi Central Library, University of Rajshahi   27/11/1958 colombo plane     530 WOA 1957 09/11/2016 C-6 Books
  Dewey Decimal Classification     Non-fiction Central Library, University of Rajshahi Central Library, University of Rajshahi   09/06/1955 Alies books. co. 16.14   530 WOA 1951 09/11/2016 C-7 Books
  Dewey Decimal Classification   Not For Loan Non-fiction Central Library, University of Rajshahi Central Library, University of Rajshahi Reading Room 11/06/1955 Allies Book Center 16.14   530 WOA 1954 22/04/2017 C-1 Books